Entry Konu Terimi
001 - KONTROL NUMARASI
- Kontrol alanı: 5838
003 - KONTROL NUMARASI KİMLİĞİ
- Kontrol alanı: TR-BiSEU
005 - SON İŞLEM TARİHİ VE ZAMANI
- Kontrol alanı: 20260207001258.0
008 - SABİT UZUNLUKTAKİ VERİ ÖGELERİ - GENEL BİLGİ
- Sabit uzunlukta kontrol alanı: 260207|| aca||aabn | a|a d
040 ## - KATALOGLAMA KAYNAĞI
- Özgün kataloglama kurumu: TR-BiSEU
- Çeviri kurumu: TR-BiSEU
150 ## - KONU BAŞLIKLARI - KONU TERİMİ
- Konu terimi: Enflasyon muhasebesi
670 ## - BİLGİNİN KAYNAĞI
- Bilginin alındığı kaynak: KOHA: (TR-BiSEU)1993: Civan, Mehmet. 5837, Enflasyon muhasebesi 5024 sayılı kanun 328, 333, 337, 338 sıra nolu tebliğleri ile 12 sıra nolu muhasebe sistemi uyguılama genel tebliği ve sürkülere :
